Co přines' čas : vzpomínky současníka /

Hlavní autor: Ješ, Jiří, 1926-2011
Jazyk: Čeština
Vydáno: Praha : Academia, 1997
Vydání: Vyd. 1.
Edice: Amphora
Témata:
Fyzický popis: 159 s., [16] s. obrazových příloh ; 20 cm
Knihy
Uloženo v:
LEADER 01273nam a2200397 a 4500
001 000255383
003 CZ BrMZK
005 20210427190856.0
007 ta
008 960815s1997 xr e 0acze d
015 |a cnb000291860 
020 |a 80-200-0637-0 
035 |a (OCoLC)39198710 
040 |a BOA001  |b cze 
043 |a e-xr--- 
045 |a x2x- 
072 7 |a 070  |x Noviny. Tisk. Žurnalistika  |2 Konspekt  |9 12 
072 7 |a 929  |x Biografie  |2 Konspekt  |9 8 
080 |a 070.42  |2 MRF 
080 |a 929  |2 MRF 
080 |a (437.3)  |2 MRF 
080 |a (0:82-94)  |2 MRF 
100 1 |a Ješ, Jiří,  |d 1926-2011  |7 jn19990209311  |4 aut 
245 1 0 |a Co přines' čas :  |b vzpomínky současníka /  |c Jiří Ješ 
250 |a Vyd. 1. 
260 |a Praha :  |b Academia,  |c 1997 
300 |a 159 s., [16] s. obrazových příloh ;  |c 20 cm 
490 1 |a Amphora ;  |v sv. 3 
600 1 7 |a Ješ, Jiří,  |d 1926-2011  |7 jn19990209311  |2 czenas 
648 7 |a 20. století  |7 ch460558 
650 0 7 |a novináři  |z Česko  |y 20. století  |7 ph123339  |2 czenas 
655 7 |a autobiografické vzpomínky  |7 fd131854  |2 czenas 
830 0 |a Amphora  |0 s 
910 |a BOA001  |b 2-1039.151 
990 |a BK 
996 6 |b 2610061476  |c 2-1039.151  |l MZK  |r Sklad / do 1 hodiny  |n 9  |p p.v.  |w 000255383  |u 000010  |a 1  |e BOA001  |j MZK50  |s P